Central Library OPAC University of Rajshahi
Normal view MARC view

Entry Personal Name

Number of records used in: 4

001 - CONTROL NUMBER

  • control field: 2814

003 - CONTROL NUMBER IDENTIFIER

  • control field: BD-RjUL

005 - DATE AND TIME OF LATEST TRANSACTION

  • control field: 20220508162318.0

008 - FIXED-LENGTH DATA ELEMENTS

  • fixed length control field: 220508|| aca||aabn | a|a d

040 ## - CATALOGING SOURCE

  • Original cataloging agency: BD-RjUL
  • Transcribing agency: BD-RjUL

100 ## - HEADING--PERSONAL NAME

  • Personal name: Addison, Joseph,
  • Dates associated with a name: 1672-1719

670 ## - SOURCE DATA FOUND

  • Source citation: Work cat.: (BD-RjUL)79767: Addison, Joseph, 1672-1719., The poetical works of Joseph Addison: Gay's Fables; and Somerville's Chase /, [1875]